Name All of the Jubilee Line Stations - Statistics

General Stats
  • This quiz has been taken 63 times
  • The average score is 21 of 27
Answer Stats
Zone Other Lines Answer % Correct
1 BakerlooCircle Hammersmith & City
Metropolitan
Baker Street
95%
2 Overground (Windrush) Canada Water
92%
1 CentralElizabeth Bond Street
90%
1 PiccadillyVictoria Green Park
90%
2 DLRElizabeth Canary Wharf
87%
1 Northern London Bridge
87%
5 - Stanmore
87%
2/3 CentralDLR Elizabeth Overground (Mildmay) Stratford
85%
1 BakerlooNorthern Waterloo & City Waterloo
82%
1 CircleDistrict Westminster
82%
2 - St John's Wood
77%
4 Metropolitan Wembley Park
77%
2/3 DistrictDLR Hammersmith & City West Ham
77%
2 - Bermondsey
74%
2 Metropolitan Finchley Road
72%
4 - Kingsbury
72%
3 - Neasden
72%
3 - North Greenwich
72%
4 - Queensbury
72%
2/3 DLR Canning Town
69%
1 - Southwark
69%
2/3 - Willesden Green
69%
2 - Swiss Cottage
67%
2 Overground (Mildmay) West Hampstead
67%
5 - Canons Park
64%
3 - Dollis Hill
64%
2 - Kilburn
64%
No matching quizzes found
Score Distribution
Percent of People with Each Score
Percentile by Number Answered
Your Score History
You have not taken this quiz